Southville International School and Colleges
Your cart is empty.
  • Cart
  • Lists
    Public lists list_1 View all
    Your lists Log in to create your own lists
  • Log in to your account
  • Your cookies
  • Search history
Southville International School and Colleges
  • Advanced search
  • Recent comments
  • Most popular
  • Libraries

Log in to your account

Log in with GOOGLE


If you do not have an external account, but do have a local account, you can still log in:

  1. Home
  2. MARC view: Microsoft Office 2007 :
Normal view MARC view ISBD view

Microsoft Office 2007 : (Record no. 300898)

[ view plain ]
MARC details
000 -LEADER
fixed length control field 01018nam a2200313Ia 4500
008 - FIXED-LENGTH DATA ELEMENTS--GENERAL INFORMATION
fixed length control field 160901s9999 xx 000 0 und d
020 ## - INTERNATIONAL STANDARD BOOK NUMBER
International Standard Book Number 978-1-4188-4332-8
050 ## - LIBRARY OF CONGRESS CALL NUMBER
Classification number ComSc HF 5548.4
050 ## - LIBRARY OF CONGRESS CALL NUMBER
Item number .M525S54 2008
100 ## - MAIN ENTRY--PERSONAL NAME
Personal name Shelly, Gary B.
245 ## - TITLE STATEMENT
Title Microsoft Office 2007 :
245 ## - TITLE STATEMENT
Remainder of title post-advanced concepts and techniques /
245 ## - TITLE STATEMENT
Statement of responsibility, etc Gary B. Shelly, Thomas J. Cashman, Misty E. Vermaat; contributing authors Mary Z. Last… [et al]
260 ## - PUBLICATION, DISTRIBUTION, ETC. (IMPRINT)
Place of publication, distribution, etc Boston, MA :
260 ## - PUBLICATION, DISTRIBUTION, ETC. (IMPRINT)
Name of publisher, distributor, etc Thomson Course Tech.,
260 ## - PUBLICATION, DISTRIBUTION, ETC. (IMPRINT)
Date of publication, distribution, etc 2008
300 ## - PHYSICAL DESCRIPTION
Extent QR 58 pages :
300 ## - PHYSICAL DESCRIPTION
Other physical details col. ill. ;
300 ## - PHYSICAL DESCRIPTION
Dimensions 58 cm.
440 ## - SERIES STATEMENT/ADDED ENTRY--TITLE
Title Shelly Cashman Series.
500 ## - GENERAL NOTE
General note Includes index.
650 ## - SUBJECT ADDED ENTRY--TOPICAL TERM
Topical term or geographic name as entry element Business presentations -- Graphic methods -- Computer programs.
650 ## - SUBJECT ADDED ENTRY--TOPICAL TERM
Topical term or geographic name as entry element Microsoft Access.
650 ## - SUBJECT ADDED ENTRY--TOPICAL TERM
Topical term or geographic name as entry element Microsoft Excel (Computer file).
650 ## - SUBJECT ADDED ENTRY--TOPICAL TERM
Topical term or geographic name as entry element Microsoft Office.
650 ## - SUBJECT ADDED ENTRY--TOPICAL TERM
General subdivision Business -- Computer programs.
650 ## - SUBJECT ADDED ENTRY--TOPICAL TERM
General subdivision Microsoft PowerPoint (Computer file).
650 ## - SUBJECT ADDED ENTRY--TOPICAL TERM
General subdivision Microsoft Word.
Holdings
Withdrawn status Lost status Damaged status Home library Current library Shelving location Date acquired Total Checkouts Full call number Barcode Date last seen Price effective from Koha item type
      South Mansfield College South Mansfield College   02/04/2008   ComSc HF 5548.4 .M525S54 2008 SMC05053 09/01/2016 09/01/2016  

Microsoft Office 2007 :

APA

Shelly G. B., .Microsoft Office 2007. Boston, MA: .

Chicago

Shelly Gary B, .Microsoft Office 2007. Boston, MA: .

Harvard

Shelly G. B., .Microsoft Office 2007. Boston, MA: .

MLA

Shelly Gary B, .Boston, MA: . .

  • Place hold
  • Print
  • Cite
  • Add to your cart (remove)
  • Save record
    BIBTEX Dublin Core MARCXML MARC (non-Unicode/MARC-8) MARC (Unicode/UTF-8) MARC (Unicode/UTF-8, Standard) MODS (XML) RIS
  • More searches
    Search for this title in:
    Other Libraries (WorldCat) Other Databases (Google Scholar) Online Stores (Bookfinder.com) Open Library (openlibrary.org)

Exporting to Dublin Core...

SOUTHVILLE LIBRARY

Southville International School and Colleges Library

1281 Tropical Ave. Cor. Luxembourg St., BF Homes International, Las Pinas City

Tel. No. 8256374 / 252358 Loc. 117/146

Powered by Koha